000 00716nam a2200133Ia 4500
008 220620s9999||||xx |||||||||||||| ||und||
022 _a0302-9743 / 1611-3349
100 _aMike Sharples||John Domingue
245 0 _aChapter: 'The Blockchain and Kudos: A Distributed System for Educational Record, Reputation and Reward' from book: Adaptive and Adaptable Learning: 11th European Conference on Technology Enhanced Learning, EC-TEL 2016, Lyon, France, September 13-16, 2016, Proceedings
546 _aEnglish[eng]
650 _ablockchain||self-determined learning||reputation management||records of achievement||e-portfolios
856 _uhttps://link.springer.com/chapter/10.1007/978-3-319-45153-4_48
942 _cEB
999 _c24215
_d24215